00654nam a22002057a 4500003000400000005001700004008004100021017002100062020001800083040002400101100002700125245008800152260003600240300002700276504002400303650004000327650003100367650003100398650001900429OSt20170307171055.0170307s2016 sp d 001 0 spa d aDL M 26903-2016  a9788437636061 aES-BaCBUbcatcCDMR1 aZaragoza, Luis,d1978-10aVoces en las sombrasb: una historia de las radios clandestinas c/ Luís Zaragoza aMadrid :bCátedra,ccop. 2016 a439 p. :bil. ;c21 cm aNotes. Bibliografia 4aRadiodifusióxAspectes polítics04aRadioemissoresxHistòria 4aRàdio lliurexHistòria 4aClandestinitat